<?xml version="1.0" encoding="UTF-8"?><?xml-stylesheet type="text/xsl" href="static/style.xsl"?><OAI-PMH xmlns="http://www.openarchives.org/OAI/2.0/" xmlns:xsi="http://www.w3.org/2001/XMLSchema-instance" xsi:schemaLocation="http://www.openarchives.org/OAI/2.0/ http://www.openarchives.org/OAI/2.0/OAI-PMH.xsd"><responseDate>2026-06-07T15:18:47Z</responseDate><request verb="GetRecord" identifier="oai:docta.ucm.es:20.500.14352/93033" metadataPrefix="marc">https://docta.ucm.es/rest/oai/request</request><GetRecord><record><header><identifier>oai:docta.ucm.es:20.500.14352/93033</identifier><datestamp>2025-03-18T12:47:52Z</datestamp><setSpec>com_20.500.14352_14</setSpec><setSpec>col_20.500.14352_15</setSpec></header><metadata><record xmlns="http://www.loc.gov/MARC21/slim" xmlns:dcterms="http://purl.org/dc/terms/" xmlns:xsi="http://www.w3.org/2001/XMLSchema-instance" xmlns:doc="http://www.lyncode.com/xoai" xsi:schemaLocation="http://www.loc.gov/MARC21/slim http://www.loc.gov/standards/marcxml/schema/MARC21slim.xsd">
   <leader>00925njm 22002777a 4500</leader>
   <datafield ind2=" " ind1=" " tag="042">
      <subfield code="a">dc</subfield>
   </datafield>
   <datafield ind2=" " ind1=" " tag="720">
      <subfield code="a">Cañadas Benito, Olga</subfield>
      <subfield code="e">author</subfield>
   </datafield>
   <datafield ind2=" " ind1=" " tag="720">
      <subfield code="a">Guerrero, Rosa</subfield>
      <subfield code="e">author</subfield>
   </datafield>
   <datafield ind2=" " ind1=" " tag="720">
      <subfield code="a">García-Cañero, Rafael</subfield>
      <subfield code="e">author</subfield>
   </datafield>
   <datafield ind2=" " ind1=" " tag="720">
      <subfield code="a">Orellana Moraleda, Guillermo</subfield>
      <subfield code="e">author</subfield>
   </datafield>
   <datafield ind2=" " ind1=" " tag="720">
      <subfield code="a">Menéndez, Margarita</subfield>
      <subfield code="e">author</subfield>
   </datafield>
   <datafield ind2=" " ind1=" " tag="720">
      <subfield code="a">Casals Carro, María Cristina</subfield>
      <subfield code="e">author</subfield>
   </datafield>
   <datafield ind2=" " ind1=" " tag="260">
      <subfield code="c">2004</subfield>
   </datafield>
   <datafield ind2=" " ind1=" " tag="520">
      <subfield code="a">Tacrolimus (FK506) is a hydrophobic immunosuppressive agent that rapidly penetrates the plasmatic membrane and inhibits the signal transduction cascade of T lymphocytes. The objective of this study was the characterization of liposomal FK506 with surfactant-like phospholipids to be administered intratracheally after lung transplantation or in inflammatory lung diseases. We evaluated the optimal incorporation of FK506 in dipalmitoylphosphatidylcholine (DPPC) and DPPC/1-palmitoyl-2-oleoylphosphatidylglycerol (POPG) monolayers and bilayers and the effects of FK506 on the physical properties of DPPC and DPPC/POPG (8:2 w/w) vesicles. In addition, we assessed the immunosuppressive effects of surfactant-like phospholipid vesicles containing different amounts of FK506 on T-cell proliferation and interleukin 2 production. From surface pressure measurements of FK506/DPPC and FK506/DPPC/POPG mixed monolayers, we determined that FK506 was embedded into these monolayers up to an FK506 concentration of about 0.4 mol %. Beyond this concentration, FK506 was not quantitatively incorporated into the monolayer, suggesting possible concentration-dependent aggregation of tacrolimus. The incorporation of FK506 into DPPC monolayers, at concentrations &lt;or= 5 microM, occurred with a partition coefficient of (3.9 +/- 0.3) x 10(3) at the bilayer equivalence pressure. FK506 was incorporated in DPPC bilayers up to an FK506 concentration of about 0.7-1 mol %, which was about double that obtained via the monolayer technique. FK506 hardly affected the transition enthalpy, the T(m), and cooperativity of the phase transition of DPPC and DPPC/POPG vesicles as determined by differential scanning calorimetry and steady-state 1,6-diphenyl-1,3,5-hexatriene anisotropy. Finally, this study provides evidence that liposomal FK506 retains the immunosuppressive efficacy of the drug.</subfield>
   </datafield>
   <datafield ind1="8" ind2=" " tag="024">
      <subfield code="a">Cañadas O, Guerrero R, García-Cañero R, Orellana G, Menéndez M, Casals C. Characterization of liposomal tacrolimus in lung surfactant-like phospholipids and evaluation of its immunosuppressive activity.  Biochemistry 2004 Aug 3;43(30): 9926-9938</subfield>
   </datafield>
   <datafield ind1="8" ind2=" " tag="024">
      <subfield code="a">2632-0983</subfield>
   </datafield>
   <datafield ind1="8" ind2=" " tag="024">
      <subfield code="a">10.1021/bi036227z</subfield>
   </datafield>
   <datafield ind1="8" ind2=" " tag="024">
      <subfield code="a">https://hdl.handle.net/20.500.14352/93033</subfield>
   </datafield>
   <datafield ind1="8" ind2=" " tag="024">
      <subfield code="a">https://doi.org/10.1021/bi036227z</subfield>
   </datafield>
   <datafield ind2="0" ind1="0" tag="245">
      <subfield code="a">Characterization of liposomal tacrolimus in lung surfactant-like phospholipids and evaluation of its immunosuppressive activity.</subfield>
   </datafield>
</record></metadata></record></GetRecord></OAI-PMH>